Μελέτη των χρονικά μεταβαλλόμενων καμπύλων ROC : μεταπτυχιακή διατριβή
Οι χρονικά μεταβαλλόμενες καμπύλες ROC δείχνουν πώς επηρεάζεται η διαχωριστική ικανότητα ενός ελέγχου με την πάροδο του χρόνου. Γίνεται μοντελοποίηση των καμπύλων με παραμετρικές και μη παραμετρικές μεθόδους και στη συνέχεια ανάλογη μοντελοποίηση των επιδράσεων διαφόρων συμμεταβλητών αλλά και του χ...
Αποθηκεύτηκε σε:
| Κύριος συγγραφέας: | |
|---|---|
| Συγγραφή απο Οργανισμό/Αρχή: | |
| Μορφή: | Thesis Βιβλίο |
| Γλώσσα: | Greek |
| Δημοσίευση: |
2008.
|
| Θέματα: | |
| Διαθέσιμο Online: | http://hdl.handle.net/11610/15524 |
| Ετικέτες: |
Προσθήκη ετικέτας
Δεν υπάρχουν, Καταχωρήστε ετικέτα πρώτοι!
|
MARC
| LEADER | 00000cam a2200000 i 4500 | ||
|---|---|---|---|
| 001 | 1/92846 | ||
| 008 | 080829s2008 gr | ||| |||| ||gre|| | ||
| 035 | |l 10099779 | ||
| 040 | |a GR-MyUA |b gre |e AACR2 | ||
| 041 | 0 | |a gre | |
| 082 | 0 | |a 616.075 |2 (22) | |
| 100 | 1 | |a Δημακόπουλος, Γεώργιος. | |
| 245 | 1 | 0 | |a Μελέτη των χρονικά μεταβαλλόμενων καμπύλων ROC : |b μεταπτυχιακή διατριβή / |c Γεώργιος Δημακόπουλος ; επιβλέπων καθηγητής Τζων Τσιμήκας. |
| 260 | |c 2008. | ||
| 300 | |a 59 σ. : |b σχέδια ; |c 30 εκ. | ||
| 502 | |a Διατριβή (μεταπτυχιακή) – Πανεπιστήμιο Αιγαίου, Σάμος, 2008. | ||
| 504 | |a Βιβλιογραφία: σ. 59. | ||
| 506 | 0 | |a Διάθεση πλήρους κειμένου - Ελεύθερη πρόσβαση. | |
| 520 | |a Οι χρονικά μεταβαλλόμενες καμπύλες ROC δείχνουν πώς επηρεάζεται η διαχωριστική ικανότητα ενός ελέγχου με την πάροδο του χρόνου. Γίνεται μοντελοποίηση των καμπύλων με παραμετρικές και μη παραμετρικές μεθόδους και στη συνέχεια ανάλογη μοντελοποίηση των επιδράσεων διαφόρων συμμεταβλητών αλλά και του χρόνου. Η προσέγγιση που παρουσιάζεται αναλυτικότερα είναι η ROC-GLM που αφορά στην χρήση γενικευμένων γραμμικών μοντέλων για τον υπολογισμό των καμπύλων | ||
| 520 | |a Time dependent ROC curves show how the discriminatory ability of a biomarker can be change in time.Modelling ROC curves is shown through the use of parametris and non- parametric techniques. Covariates' effects and time are also modelled. Fitting the parametric ROC-GLM model is pointed out. | ||
| 610 | 2 | 0 | |a University of the Aegean |x Dissertations. |
| 650 | 0 | 0 | |a Diagnosis. |
| 650 | 0 | 0 | |a Research |x Methodology. |
| 650 | 0 | 0 | |a Dissertations, Academic |z Greece. |
| 700 | 1 | |a Τσιμήκας, Ιωάννης, |e dgs | |
| 710 | 2 | |a Πανεπιστήμιο Αιγαίου. |b Σχολή Θετικών Επιστημών. |b Τμήμα Στατιστικής και Αναλογιστικών-Χρηματοοικονομικών Μαθηματικών. |b Μεταπτυχιακό Πρόγραμμα Στατιστική και Αναλογιστικά - Χρηματοοικονομικά Μαθηματικά. | |
| 852 | |a INST |b SAMOS |c DIATR |e 20080829 |h 616.075 ΔΗΜ |p 005300030061 |q 005300030061 |t MTXE |y 23 | ||
| 852 | |a INST |b SAMOS |c DIATR |e 20080829 |h 616.075 ΔΗΜ |p 005300030062 |q 005300030062 |t MTXE |y 23 | ||
| 856 | |u http://hdl.handle.net/11610/15524 | ||
| 901 | |a BIBL3-2008-2 | ||
| 909 | |a Σ |b 134724 | ||
| 909 | |a Σ |b 134725 | ||
| 924 | |a ΔΗΜΑΚΟΠΟΥΛΟΣ |b ΓΕΩΡΓΙΟΣ |y Σάμος |z 2008-08 | ||
| 970 | |a ΣΙΤΖΙΜΗ |b ΓΙΑΣΕΜΗ |z 2008/08/29 | ||